| 000 | 00366nam a2200133Ia 4500 | ||
|---|---|---|---|
| 008 | 151021s9999 xx 000 0 und d | ||
| 020 | _a9.7899664638e+012 | ||
| 050 | _aP MLCS 81/1056 1988 | ||
| 245 | _a_The floods John Roganda | ||
| 260 | _aNairobi East African Educational 1988 | ||
| 300 | _a156p. | ||
| 650 | _a_Novels | ||
| 980 | _a^d20130711 01:13:50^oanne | ||
| 999 |
_c14293 _d14293 |
||